| 000 | 00548nam a2200181Ia 4500 | ||
|---|---|---|---|
| 008 | 240729s9999 xx 000 0 und d | ||
| 022 | _a2090-2832 | ||
| 245 | 0 | _aInternational Journal of Vascular Medicine | |
| 260 | _aUnited Kingdom | ||
| 260 | _bHindawi Limited | ||
| 650 | _a Diseases of the circulatory (Cardiovascular) system | ||
| 650 | _a Internal medicine | ||
| 650 | _a Specialties of internal medicine | ||
| 650 | _aMedicine | ||
| 856 | _uhttps://doaj.org/toc/65eec4af31c540fcb3ee1bceb1b71f8e | ||
| 942 | _2ddc | ||
| 942 | _cDOAJEJ | ||
| 999 |
_c71435 _d71435 |
||
| 945 |
_a1 _bMadushi Gamage _c1 _dMadushi Gamage |
||